[Event "Budapest FS08 IM"]
[Site "Budapest"]
[Date "2022.08.07"]
[Round "2"]
[White "Ilincic, Zlatko"]
[Black "Humburg, Philipp"]
[Result "1-0"]
[WhiteElo "2321"]
[BlackElo "2253"]
[PlyCount "45"]
[EventDate "2022.08.06"]
[EventType "tourn"]
[EventRounds "9"]
[EventCountry "HUN"]
[SourceTitle "CBM 209 Extra"]
[Source "ChessBase"]
[SourceDate "2022.09.30"]
[SourceVersion "1"]
[SourceVersionDate "2022.09.30"]
[SourceQuality "1"]

1. d4 Nf6 2. c4 e6 3. a3 d5 4. e3 c5 5. Nf3 Nc6 6. Nc3 Ne4 7. Bd3 Nxc3 8. bxc3 dxc4 9. Bxc4 Qc7 10. 0-0 Bd6 11. e4 e5 12. Ng5 Nd8 13. f4 cxd4 14. Nxf7 Rf8 15. Nxd6+ Qxd6 16. a4 Qc7 17. Bb5+ Nc6 18. cxd4 exd4 19. Ba3 Rxf4 20. Qh5+ g6 21. Qc5 Bd7 22. Qf8+ Rxf8 23. Rxf8# 1-0

[Event "Titled Tuesday intern op 19th Oct"]
[Site "Chess.com INT"]
[Date "2021.10.19"]
[Round "8"]
[White "Cagara, Paulina"]
[Black "Humburg, Philipp"]
[Result "1-0"]
[WhiteElo "2045"]
[BlackElo "2276"]
[PlyCount "67"]
[EventDate "2021.10.19"]
[EventType "swiss (blitz)"]
[EventRounds "11"]
[EventCountry "USA"]
[SourceTitle "CBM 204 Extra"]
[Source "ChessBase"]
[SourceDate "2021.11.30"]
[SourceVersion "1"]
[SourceVersionDate "2021.11.30"]
[SourceQuality "1"]

1. e4 c6 2. d4 d5 3. exd5 cxd5 4. Bd3 Nc6 5. c3 g6 6. h3 Bf5 7. Bxf5 gxf5 8. Nf3 e6 9. Bf4 Bd6 10. Qd2 Nf6 11. 0-0 Ne4 12. Qe3 Rg8 13. Nbd2 Qc7 14. Bxd6 Qxd6 15. Nxe4 fxe4 16. Nd2 Rg6 17. f3 f5 18. fxe4 dxe4 19. Nc4 Qc7 20. Rad1 0-0-0 21. Ne5 Nxe5 22. dxe5 Rdg8 23. Rf2 Kb8 24. Rd6 Qc4 25. b3 Qb5 26. Qd4 Qa5 27. b4 Qc7 28. Rd7 Qb6 29. Qxb6 axb6 30. Rxh7 f4 31. g4 fxg3 32. Rff7 Rd8 33. Rxb7+ Kc8 34. Rhc7# 1-0

[Event "Titled Tuesday intern op 19th Oct"]
[Site "Chess.com INT"]
[Date "2021.10.19"]
[Round "4"]
[White "Humburg, Philipp"]
[Black "Von Buelow, Georg"]
[Result "1-0"]
[WhiteElo "2276"]
[BlackElo "2361"]
[PlyCount "113"]
[EventDate "2021.10.19"]
[EventType "swiss (blitz)"]
[EventRounds "11"]
[EventCountry "USA"]
[SourceTitle "CBM 204 Extra"]
[Source "ChessBase"]
[SourceDate "2021.11.30"]
[SourceVersion "1"]
[SourceVersionDate "2021.11.30"]
[SourceQuality "1"]

1. d4 Nf6 2. c4 Nc6 3. Nc3 e5 4. Nf3 exd4 5. Nxd4 Bb4 6. e3 d5 7. cxd5 Qxd5 8. Nxc6 Qxd1+ 9. Kxd1 bxc6 10. f3 Be6 11. Kc2 Nd5 12. Bd2 Rb8 13. Be2 0-0 14. Rhd1 Bd6 15. g3 Nb4+ 16. Kc1 Be5 17. a3 Bxc3 18. Bxc3 Na2+ 19. Kd2 Nxc3 20. Kxc3 Rb3+ 21. Kd2 Rxb2+ 22. Ke1 Rfb8 23. Rd2 Rxd2 24. Kxd2 Rb2+ 25. Ke1 Kf8 26. Rc1 Rb6 27. Rc3 Ke7 28. e4 f6 29. f4 Kd6 30. Kf2 Rb2 31. Ke3 c5 32. h4 h6 33. h5 a5 34. g4 Ra2 35. f5 Bf7 36. Rd3+ Ke7 37. Rc3 Kd6 38. Rd3+ Kc6 39. Rd8 Rxa3+ 40. Kf4 Ra2 41. Bf3 Kb6 42. Rd7 Bb3 43. Rxg7 c4 44. Rg6 c3 45. Rxf6+ Kc5 46. e5 Ra4+ 47. Ke3 Bd5 48. Bxd5 Kxd5 49. Rf7 c5 50. e6 c2 51. Kd2 Rc4 52. Kc1 Rd4 53. e7 Re4 54. f6 Kc4 55. Rf8 Kc3 56. e8Q Ra4 57. Qe3+ 1-0

[Event "Titled Tuesday intern op 12th Oct"]
[Site "Chess.com INT"]
[Date "2021.10.12"]
[Round "6"]
[White "Humburg, Philipp"]
[Black "Einarsson, Halldor Gretar"]
[Result "1-0"]
[WhiteElo "2276"]
[BlackElo "2227"]
[PlyCount "77"]
[EventDate "2021.10.12"]
[EventType "swiss (blitz)"]
[EventRounds "11"]
[EventCountry "USA"]
[SourceTitle "EXT 2023"]
[Source "ChessBase"]
[SourceDate "2022.10.05"]
[SourceVersion "1"]
[SourceVersionDate "2022.10.05"]
[SourceQuality "1"]

1. d4 e6 2. e4 d5 3. Nc3 Bb4 4. e5 c5 5. a3 Bxc3+ 6. bxc3 Ne7 7. Nf3 Nbc6 8. h4 Bd7 9. h5 h6 10. a4 Qc7 11. Ba3 cxd4 12. cxd4 0-0-0 13. Bd3 Nf5 14. Bxf5 exf5 15. 0-0 g5 16. hxg6 fxg6 17. c4 Be6 18. Bd6 Qf7 19. c5 g5 20. a5 a6 21. Rb1 g4 22. Nh4 f4 23. Rb6 Rh7 24. g3 Rxd6 25. cxd6 Rg7 26. Qc1 Bd7 27. Qb2 Nd8 28. Rc1+ Bc6 29. Ng2 fxg3 30. fxg3 Qf3 31. Qf2 Rf7 32. Qxf3 gxf3 33. Nf4 Kd7 34. Kf2 Ne6 35. Rcxc6 bxc6 36. Rb7+ Ke8 37. Rb8+ Nd8 38. e6 Rb7 39. Ra8 1-0

[Event "EU-ch 21st"]
[Site "Reykjavik"]
[Date "2021.09.05"]
[Round "11"]
[White "Juksta, Karolis"]
[Black "Humburg, Philipp"]
[Result "1-0"]
[WhiteElo "2438"]
[BlackElo "2245"]
[PlyCount "97"]
[EventDate "2021.08.26"]
[EventType "swiss"]
[EventRounds "11"]
[EventCountry "ISL"]
[SourceTitle "CBM 204"]
[Source "ChessBase"]
[SourceDate "2021.10.31"]
[SourceVersion "1"]
[SourceVersionDate "2021.10.31"]
[SourceQuality "1"]

1. d4 d5 2. c4 e6 3. Nc3 Nf6 4. cxd5 exd5 5. Bg5 Be7 6. e3 c6 7. Bd3 h6 8. Bh4 Ne4 9. Bxe7 Qxe7 10. Bxe4 dxe4 11. Nge2 Bg4 12. Qc2 Bxe2 13. Kxe2 f5 14. g4 0-0 15. gxf5 Rxf5 16. Rag1 Nd7 17. Nxe4 Raf8 18. Rg2 c5 19. Rhg1 R8f7 20. Ng3 Rd5 21. Qb3 Nb6 22. dxc5 Qxc5 23. Ne4 Qc4+ 24. Qxc4 Nxc4 25. b3 Ne5 26. f4 Nc6 27. Rg6 Kf8 28. Rd6 Rh5 29. Rg2 Rc7 30. Kf3 Kf7 31. Rgd2 Ne7 32. a4 b6 33. Kg4 Ra5 34. Rd8 Ke6 35. R2d6+ Kf7 36. Rd3 Ke6 37. Ng3 Rd5 38. R8xd5 Nxd5 39. e4 Nf6+ 40. Kf3 g5 41. Nf5 Ne8 42. Nd4+ Kf7 43. f5 Kf6 44. Nb5 Re7 45. Ke3 a6 46. Nd6 Ng7 47. Rd5 Nh5 48. Kd4 Rb7 49. Nxb7 1-0

[Event "Prague Summer op-A 8th"]
[Site "Prague"]
[Date "2021.08.12"]
[Round "8"]
[White "Humburg, Philipp"]
[Black "Hrabusa, Matej"]
[Result "0-1"]
[WhiteElo "2245"]
[BlackElo "2350"]
[PlyCount "128"]
[EventDate "2021.08.06"]
[EventType "swiss"]
[EventRounds "9"]
[EventCountry "CZE"]
[SourceTitle "CBM 203 Extra"]
[Source "ChessBase"]
[SourceDate "2021.09.30"]
[SourceVersion "1"]
[SourceVersionDate "2021.09.30"]
[SourceQuality "1"]

1. e4 c5 2. Nf3 d6 3. Bb5+ Nd7 4. a4 Ngf6 5. Nc3 e6 6. 0-0 a6 7. Be2 b6 8. d4 cxd4 9. Qxd4 Qc7 10. Rd1 Be7 11. Be3 0-0 12. Nd2 Bb7 13. Nc4 d5 14. exd5 Nxd5 15. Nxd5 Bxd5 16. Bf4 Qc5 17. Qd3 Rfd8 18. Ne3 Nf6 19. Qa3 Qxa3 20. bxa3 Rdc8 21. Be5 Bc6 22. Nc4 Bc5 23. a5 Bb5 24. axb6 Bxc4 25. Bxc4 Bxb6 26. Bd3 Bxf2+ 27. Kf1 Ng4 28. Be4 Ra7 29. Bb2 Bc5 30. Ke2 Nf2 31. Rd4 Rac7 32. Rc4 Nxe4 33. Rxe4 Bd6 34. c3 Bxh2 35. Ra4 Rc6 36. Rd1 Be5 37. Rd7 g6 38. Ra7 Rb6 39. Rb4 Rxb4 40. axb4 Bxc3 41. Bxc3 Rxc3 42. Rxa6 Rb3 43. Rb6 h5 44. Rb7 Kg7 45. Kf2 g5 46. Ke2 Kg6 47. Kf2 f6 48. b5 Kf5 49. b6 Kg4 50. Rb8 Rb2+ 51. Ke3 Rxg2 52. Re8 Rb2 53. Rxe6 f5 54. Kd3 h4 55. Kc3 Rb1 56. Kc2 Rb5 57. Kd3 h3 58. Kc4 Rb1 59. Rh6 Kg3 60. Kc5 h2 61. Kc6 h1Q+ 62. Rxh1 Rxh1 63. b7 Rb1 64. b8Q+ Rxb8 0-1

[Event "Prague Summer op-A 8th"]
[Site "Prague"]
[Date "2021.08.11"]
[Round "7"]
[White "Ivanov, Mike"]
[Black "Humburg, Philipp"]
[Result "0-1"]
[WhiteElo "2195"]
[BlackElo "2245"]
[PlyCount "66"]
[EventDate "2021.08.06"]
[EventType "swiss"]
[EventRounds "9"]
[EventCountry "CZE"]
[SourceTitle "CBM 203 Extra"]
[Source "ChessBase"]
[SourceDate "2021.09.30"]
[SourceVersion "1"]
[SourceVersionDate "2021.09.30"]
[SourceQuality "1"]

1. e4 c5 2. Nf3 d6 3. d4 cxd4 4. Qxd4 Nc6 5. Qe3 g6 6. Be2 Bg7 7. 0-0 Nf6 8. h3 0-0 9. Rd1 b6 10. c4 Bb7 11. Nc3 Nb4 12. Rb1 Nd7 13. Nd4 a6 14. b3 Rc8 15. Bb2 e6 16. Ba3 e5 17. Ne6 fxe6 18. Bxb4 Nc5 19. Ba3 Bf6 20. Bc1 Qe7 21. b4 Nd7 22. Qd3 Bh4 23. g3 Qf7 24. gxh4 Qxf2+ 25. Kh1 Qxh4 26. Bg4 Nf6 27. Bxe6+ Kg7 28. Qxd6 Nxe4 29. Qxe5+ Rf6 30. Rd7+ Kh8 31. Bh6 Nf2+ 32. Kg1 Nxh3+ 33. Kh2 Nf2+ 0-1

[Event "Riga Tech op-A"]
[Site "Riga"]
[Date "2019.08.09"]
[Round "7"]
[White "Humburg, Philipp"]
[Black "Sachdev, Tania"]
[Result "0-1"]
[WhiteElo "2256"]
[BlackElo "2400"]
[PlyCount "172"]
[EventDate "2019.08.05"]
[EventType "swiss"]
[EventRounds "9"]
[EventCountry "LAT"]
[SourceTitle "CBM 191 Extra"]
[Source "ChessBase"]
[SourceDate "2019.09.30"]
[SourceVersion "1"]
[SourceVersionDate "2019.09.30"]
[SourceQuality "1"]

1. e4 e5 2. Nf3 Nc6 3. Bc4 Bc5 4. 0-0 Nf6 5. d3 0-0 6. h3 h6 7. c3 d6 8. Bb3 a5 9. Re1 Ba7 10. Nbd2 Be6 11. Nf1 Re8 12. Bxe6 fxe6 13. Be3 b5 14. Bxa7 Rxa7 15. d4 Qe7 16. dxe5 Nxe5 17. Nxe5 dxe5 18. Qd3 Rb7 19. Rad1 Rf8 20. Ng3 a4 21. Re2 Qc5 22. a3 Rb6 23. Red2 Rd6 24. Qe2 Rfd8 25. Rxd6 cxd6 26. Rd2 Re8 27. Nh5 Nxh5 28. Qxh5 Re7 29. Qh4 Qc7 30. Qg4 Kh7 31. Qd1 Rd7 32. Qh5 Qc4 33. Qe8 Qxe4 34. Rd1 Qc2 35. Rf1 Rb7 36. Qxe6 Qxb2 37. Qf5+ g6 38. Qf8 Qxa3 39. Rd1 Qxc3 40. h4 h5 41. g3 a3 42. Qxd6 Rf7 43. Qe6 Qf3 44. Rd7 Qxf2+ 45. Kh1 Qf1+ 46. Kh2 Qf2+ 47. Kh1 Rxd7 48. Qxd7+ Kh6 49. Qd8 Qf1+ 50. Kh2 Qf2+ 51. Kh1 Qf3+ 52. Kh2 Kg7 53. Qe7+ Kg8 54. Qe8+ Kg7 55. Qe7+ Qf7 56. Qxa3 Qf2+ 57. Kh1 Qe1+ 58. Kg2 Qd2+ 59. Kg1 Qd4+ 60. Kg2 b4 61. Qa5 Kf6 62. Qa6+ Kf5 63. Qf1+ Ke6 64. Qa6+ Qd6 65. Qc8+ Kd5 66. Qc2 Qc6 67. Qd3+ Kc5+ 68. Kh2 e4 69. Qe3+ Kb5 70. Qg5+ Ka4 71. Qe5 b3 72. Qa1+ Kb4 73. Qe1+ Kb5 74. Qf1+ Qc4 75. Qf4 Qc2+ 76. Kh3 Qc8+ 77. Kh2 Qc2+ 78. Kh3 b2 79. Qe5+ Kc4 80. Qe6+ Kd3 81. Qd5+ Ke2 82. Qb5+ Kf2 83. Qb6+ e3 84. Qb7 Kg1 85. Qxb2 Qxb2 86. g4 Qg2# 0-1

[Event "Riga Tech op-A"]
[Site "Riga"]
[Date "2019.08.08"]
[Round "5"]
[White "Mammadzada, Gunay Vuqar Qizi"]
[Black "Humburg, Philipp"]
[Result "1-0"]
[WhiteElo "2425"]
[BlackElo "2256"]
[PlyCount "119"]
[EventDate "2019.08.05"]
[EventType "swiss"]
[EventRounds "9"]
[EventCountry "LAT"]
[SourceTitle "CBM 191 Extra"]
[Source "ChessBase"]
[SourceDate "2019.09.30"]
[SourceVersion "1"]
[SourceVersionDate "2019.09.30"]
[SourceQuality "1"]

1. e4 e5 2. Nf3 Nc6 3. Bb5 a6 4. Ba4 Nf6 5. 0-0 Be7 6. Re1 b5 7. Bb3 d6 8. c3 0-0 9. d4 Bg4 10. Be3 exd4 11. cxd4 d5 12. e5 Ne4 13. h3 Bh5 14. Nbd2 Nxd2 15. Qxd2 Bxf3 16. gxf3 Bb4 17. Qc2 Na5 18. Re2 Qd7 19. Kh2 c6 20. Rg1 Qe6 21. a3 Be7 22. Ba2 Nc4 23. Bb1 g6 24. Bh6 f5 25. Bxf8 Kxf8 26. a4 Bd8 27. Qc1 Bb6 28. Qh6+ Kg8 29. Qf4 Rf8 30. axb5 axb5 31. b3 Na5 32. Bc2 Qe7 33. h4 Nb7 34. h5 Kg7 35. Rg3 Nd8 36. hxg6 hxg6 37. Bxf5 Rxf5 38. Qxf5 Qh4+ 39. Rh3 gxf5 40. Rxh4 Ne6 41. Rd2 f4 42. Rg4+ Kf7 43. b4 Ke7 44. Kg2 Bxd4 45. Rxd4 Nxd4 46. Rxf4 Nc2 47. Rh4 d4 48. f4 d3 49. Rh7+ Ke6 50. Kf3 Kd5 51. Rd7+ Kc4 52. e6 Nd4+ 53. Rxd4+ Kxd4 54. e7 d2 55. Ke2 Kc3 56. e8Q Kc2 57. Qxc6+ Kb1 58. Kxd2 Ka1 59. Kc2 Ka2 60. Qa6# 1-0

[Event "Dortmund Sparkassen op 47th"]
[Site "Dortmund"]
[Date "2019.07.17"]
[Round "5"]
[White "Farokhi, Keyvan"]
[Black "Humburg, Philipp"]
[Result "0-1"]
[WhiteElo "1946"]
[BlackElo "2244"]
[PlyCount "66"]
[EventDate "2019.07.13"]
[EventType "swiss"]
[EventRounds "9"]
[EventCountry "GER"]
[SourceTitle "EXT 2020"]
[Source "ChessBase"]
[SourceDate "2019.10.17"]
[SourceVersion "1"]
[SourceVersionDate "2019.10.17"]
[SourceQuality "1"]

1. e4 c5 2. Nf3 e6 3. d4 cxd4 4. Nxd4 Nc6 5. Nc3 Qc7 6. Be2 a6 7. 0-0 Nf6 8. Be3 Bb4 9. f3 Bxc3 10. bxc3 d5 11. Nxc6 Qxc6 12. e5 Nd7 13. Qd4 0-0 14. f4 f6 15. c4 dxc4 16. Bxc4 b5 17. Be2 fxe5 18. fxe5 Bb7 19. Bf3 Qc7 20. Bxb7 Qxb7 21. Qd6 Qd5 22. Qxd5 exd5 23. e6 Nf6 24. Bd4 Ne4 25. a4 Rxf1+ 26. Kxf1 b4 27. a5 Rc8 28. Ra4 Rc4 29. e7 Kf7 30. Bxg7 Kxe7 31. c3 b3 32. Rb4 Rxb4 33. cxb4 Nf6 0-1

[Event "Karlsruhe Grenke op"]
[Site "Karlsruhe"]
[Date "2019.04.20"]
[Round "4"]
[White "Zanan, Evgeny"]
[Black "Humburg, Philipp"]
[Result "1/2-1/2"]
[WhiteElo "2510"]
[BlackElo "2244"]
[PlyCount "110"]
[EventDate "2019.04.18"]
[EventType "swiss"]
[EventRounds "9"]
[EventCountry "GER"]
[SourceTitle "CBM 189 Extra"]
[Source "ChessBase"]
[SourceDate "2019.06.03"]
[SourceVersion "1"]
[SourceVersionDate "2019.06.03"]
[SourceQuality "1"]

1. d4 d5 2. c4 e6 3. Nf3 Nf6 4. g3 Be7 5. Bg2 0-0 6. Qc2 Nbd7 7. 0-0 c6 8. Nbd2 b6 9. e4 dxc4 10. Nxc4 Bb7 11. Rd1 c5 12. Nfe5 cxd4 13. Rxd4 Qc7 14. Nxd7 Nxd7 15. Qd1 Rad8 16. Be3 Bc5 17. Rd2 Bxe3 18. Nxe3 Nc5 19. Rc1 Qe7 20. f3 h6 21. Rcc2 Qg5 22. Nc4 Ba6 23. f4 Qe7 24. e5 Rxd2 25. Qxd2 Bxc4 26. Rxc4 Rd8 27. Rd4 Rxd4 28. Qxd4 Qc7 29. Bf1 Nd7 30. b4 a5 31. a3 axb4 32. axb4 Nf8 33. Qd6 Qa7 34. Be2 Ng6 35. Qd8+ Nf8 36. Kf2 Qb7 37. h4 Qa7 38. h5 Qb7 39. Qd4 Qc7 40. Qd6 Qb7 41. Qd4 Qc7 42. g4 Qc1 43. Qe3 Qc6 44. Bf3 Qc7 45. Kg3 Qd8 46. Bg2 Kh8 47. Be4 Kg8 48. Qd3 Qc7 49. Qd4 Qc1 50. Bf3 Qc7 51. Qd6 Qa7 52. Qc6 Qb8 53. Kf2 Qa7 54. Kg2 Qa2+ 55. Kg3 Qa7 1/2-1/2